Changes in industrial structures and impact on stock markets

Analýza súčasného stavu a pozície individuálnych odvetví v štruktúre HDP a štruktúre akciových indexov vo vybraných krajinách. Predpoveď možných zmien týchto indexov. Očakávaný príchod tzv. financializácie ekonomiky.

Salvato in:
Dettagli Bibliografici
Autore principale: Chovancová, Božena
Altri autori: Malacká, Viera, Dorocáková, Michaela
Natura: Capitolo di libro
Lingua:inglese
Soggetti:
Tags: Aggiungi Tag
Nessun Tag, puoi essere il primo ad aggiungerne!!

MARC

LEADER 00000naa$a2200000$$$4500
001 0238645
005 20240502083638.5
041 0 |a eng 
044 |a CZ 
245 1 0 |a Changes in industrial structures and impact on stock markets  |c Božena Chovancová, Viera Malacká, Michaela Dorocáková 
520 |a Analýza súčasného stavu a pozície individuálnych odvetví v štruktúre HDP a štruktúre akciových indexov vo vybraných krajinách. Predpoveď možných zmien týchto indexov. Očakávaný príchod tzv. financializácie ekonomiky. 
610 2 0 |a trh finančný 
610 2 0 |a trh finančný medzinárodný 
610 2 0 |a trh akciový 
610 2 0 |a odvetvia činnosti ekonomickej 
610 2 0 |a odvetvia priemyselné 
610 2 0 |a produkt domáci hrubý 
610 2 0 |a indexy akciové 
610 2 0 |a priemysel 4.0 
100 1 |a Chovancová, Božena 
700 1 |a Malacká, Viera 
700 1 |a Dorocáková, Michaela